Statistiken für Länder nach Satellitenbild #5

Klicken Sie hier um das Quiz zu spielen!

Allgemein

  • Dieses Quiz wurde 1,354 mal gespielt
  • Das Durchschnittsergebnis liegt bei 11 aus 16

Antwortstatistiken

Answer % Korrekt
Japan
97%
Griechenland
96%
Indonesien
93%
Madagaskar
91%
Kanada
89%
Jemen
84%
Sri Lanka
82%
Marokko
78%
Thailand
76%
Venezuela
61%
Peru
59%
Osttimor
47%
Malta
47%
Namibia
44%
Vanuatu
31%
Belize
21%

Verteilung der Resultate

Perzentil nach korrekt beantworteten Fragen

Anzahl Personen mit jedem Resultat

Ihre Resultats-Entwicklung

Sie haben dieses Quiz noch nicht gespielt